000 00762nam a2200229Ia 4500
008 130821s1998 ck gr spa
020 _a9586146766
040 _aCo-BoUCM
_bspa
041 0 0 _aspa
100 _aCobo Borda, Juan Gustavo
_d1948-
_932278
245 0 0 _aPara leer a Álvaro Mutis
_cJuan Gustavo Cobo Borda
260 _aBogotá (Colombia)
_bEspasa Forum
_c1998
300 _a160 páginas
490 _aEnsayo y pensamiento
504 _aIncluye bibliografía
600 _aMutis, Álvaro
_d1923-
_xCrítica e interpretación
_9764
650 0 4 _aLiteratura colombiana
_918629
650 0 4 _aLiteratura
_918599
650 0 4 _aPoesía colombiana
_921792
942 _cLIBRO
_a18
_e1
_kC
_mC657P
_2DEWEY
_h861
_n0
999 _c33322
_d33322